| 000 | 00513nam a2200181Ia 4500 | ||
|---|---|---|---|
| 999 |
_c14769 _d14769 |
||
| 003 | OSt | ||
| 005 | 20201023124838.0 | ||
| 008 | 190216s9999||||xx |||||||||||||| ||und|| | ||
| 020 | _a9780199587193 | ||
| 040 | _coclc | ||
| 082 |
_a823.8 _bTRO/P |
||
| 100 |
_aTrollope, Anthony _94969 |
||
| 245 | 4 |
_aThe Prime Minister / _cAnthony Trollope |
|
| 260 |
_bOxford University Press , _c2008. _aNew Delhi: |
||
| 300 | _a655p | ||
| 650 | _aEnglish | ||
| 942 |
_cBK _2ddc _h823.8 _iTRO/P _k823.8 _mTRO/P |
||